Hráči SPMFK doplácali na vlastné chyby

Bibliographic Details
Main Author: Podolinský, Peter, 1974- (Author)
Format: Article
Language:Slovak
PhysicalDescription:Fotogr.
ISSN:1335-7581
Subjects:

MARC

LEADER 00000nab a2200000 a 4500
001 vtls009167090
003 SK-MaSNL
005 20260303043906.0
008 071213c20071211xo mr| 0 0slo
038 |a RVGKPD 
040 |a RVGKPD  |b slo  |c RVGKPD  |e AACR2 
041 |a slo 
044 |a xo  |c SK 
080 |a 796.332  |2 1997 
100 1 |a Podolinský, Peter,  |d 1974-  |4 aut  |9 872876 
245 1 0 |a Hráči SPMFK doplácali na vlastné chyby  |c Peter Podolinský 
300 |b Fotogr. 
610 2 7 |a SP MFK Rožňava (Rožňava, Slovensko)  |2 rvgkpd  |9 1024861 
650 0 7 |a futbal  |2 rvgkpd  |9 3291 
651 7 |a Rožňava (Slovensko)  |2 rvgkpd  |9 17394 
773 0 |t Korzár : Gemerský denník  |g Roč. IX, č. 284 (11.12.2007), s. 10  |x 1335-7581 
852 |a RVGKPD  |b KIS3G 
992 |a RBX 
999 |c 1698621  |d 1700551